000
00299nam a2200097Ia 4500
001
1229515
005
20250827093103.0
008
250824s9999 xx 000 0 und d
245
0
_a
GIDIKLAYAN BİLMECELER FIKIRDAYAN GÜLMECELER
_c
NUR İÇÖZÜ
260
_b
ALTIN KİTAPLAR YAYINLARI
999
_c
1229515
_d
1229515